000
00300nam a2200133Ia 4500
008
190216s9999||||xx |||||||||||||| ||und||
100
_a
Kochunarayanan. Tk
245
0
_a
Adhunika Jyamithikal
250
_a
1st Ed.
260
_b
Null
_c
1972
300
_a
10211
650
_a
Mathematics
942
_c
BK
999
_c
38142
_d
38142